Enfermedades y plagas de la abeja melífera occidental.
Uloženo v:
| Hlavní autor: | |
|---|---|
| Médium: | Kniha |
| Jazyk: | španělština |
| Vydáno: |
San Salvador
Organismo Internacional Regional de Sanidad Agropecuaria
1990
|
| Témata: | |
| Tagy: |
Přidat tag
Žádné tagy, Buďte první, kdo vytvoří štítek k tomuto záznamu!
|
MARC
| LEADER | 00000nam a2200000 a 4500 | ||
|---|---|---|---|
| 001 | UCS9013 | ||
| 003 | CL-VaPUC | ||
| 005 | 20250424171449.0 | ||
| 008 | 971113e19900000ES |||||||||||||||||spa|d | ||
| 999 | |c 263090 |d 263088 | ||
| 040 | |c Pontificia Universidad Católica de Valparaíso | ||
| 082 | 0 | 4 | |a 638.1 MOL 1990 |2 21 |
| 100 | |a Molina Pardo, Adolfo |e autor |9 393942 | ||
| 245 | 1 | 0 | |a Enfermedades y plagas de la abeja melífera occidental. |
| 260 | 0 | 3 | |a San Salvador |b Organismo Internacional Regional de Sanidad Agropecuaria |c 1990 |
| 300 | |a 139 páginas | ||
| 583 | |a last modification |c 20120910 05:02:56 |k Rodrigo Vera | ||
| 650 | 0 | |a Apicultura |9 264400 | |
| 650 | 0 | |a Abejas (Apoidea) |9 269522 | |
| 650 | 7 | |a CRIANZA DE LA ABEJA |2 CL-VaPUC |9 393943 | |
| 650 | 0 | |a Enfermedades parasitarias |9 338529 | |
| 650 | 0 | |a Bacterias |9 298237 | |
| 650 | 0 | |a Virus |9 316452 | |
| 650 | 0 | |a Varroa destructor |9 663501 | |
| 650 | 0 | |a Plaguicidas |9 259645 | |
| 650 | 7 | |a PLAGAS |2 CL-VaPUC |9 264624 | |
| 942 | |c BK |2 ddc | ||
| 945 | |d 19971113 00:00:00 |a jquezada | ||